Statistics for Cities at River Confluences: Beginner's Edition

Click here to take the quiz!

General Stats

  • This quiz has been taken 34 times
  • The average score is 10 of 15

Answer Stats

River 1River 2Answer% Correct
LeaThamesLondon
100%
EastHudsonNew York
96%
MarneSeineParis
96%
Uruguayde la PlataBuenos Aires
93%
KansasMissouriKansas City
93%
AnacostiaPotomacWashington
81%
MinnesotaMississippiMinneapolis
70%
DesnaDnieperKiev
63%
Stura di LanzoPoTurin
63%
Little MiamiOhioCincinnati
52%
SchuylkillDelawarePhiladelphia
48%
WillametteColumbiaPortland
44%
MysticCharlesBoston
37%
ArveRhôneGeneva
33%
PittFraserVancouver
30%

Score Distribution

Percentile by Number Answered

Percent of People with Each Score

Your Score History

You have not taken this quiz